| 000 | 01704cam a22004093a 4500 | ||
|---|---|---|---|
| 001 | 13187226 | ||
| 003 | OSt | ||
| 005 | 20140310182244.0 | ||
| 008 | 000517s2000 nyu j 000 1 eng d | ||
| 010 | _a 2003576691 | ||
| 020 |
_a0553487051 (pbk.) : _c$4.50 ($6.99 Can.) |
||
| 035 | _a(OCoLC)ocm44069501 | ||
| 040 |
_aDF9 _cDF9 _dJED _dIHI _dSLC _dDLC |
||
| 042 | _alccopycat | ||
| 050 |
_aPZ 7 _b.Su968s17 2000 |
||
| 082 |
_aFIC _bSu1 2000 |
||
| 100 | 1 |
_aSuzanne, Jamie. _94455 |
|
| 245 | 1 | 0 |
_aWhatever / _cwritten by Jamie Suzanne ; created by Francine Pascal. |
| 260 |
_aNew York : _bBantam Books, _c2000. |
||
| 300 |
_a150 p. ; _c20 cm. |
||
| 440 |
_aSweet valley jr. high _n#17 _919340 |
||
| 520 | _aLacey looks forward to her mother's visit as a chance to bond with her and perhaps to leave life with her father and stepmother to share her mother's glamorous life in New York, but things don't turn out the way she had hoped. | ||
| 650 | 0 |
_aMothers and daughters _vFiction. _919341 |
|
| 650 | 0 |
_aStepfamilies _vFiction. _919342 |
|
| 650 | 0 |
_aJunior high school students _vFiction. _919343 |
|
| 655 | 7 |
_aDomestic fiction. _2lcsh _92796 |
|
| 655 | 7 |
_aYoung adult fiction. _2lcsh _93735 |
|
| 700 | 1 |
_aPascal, Francine. _93767 |
|
| 710 | 2 |
_aCopyright Paperback Collection (Library of Congress) _5DLC _9705 |
|
| 830 | 0 |
_aSweet Valley Jr. High ; _v17 _919344 |
|
| 856 | 4 | 1 |
_3Sample text _uhttp://www.loc.gov/catdir/samples/random044/2003576691.html |
| 856 | 4 | 2 |
_3Publisher description _uhttp://www.loc.gov/catdir/description/random0410/2003576691.html |
| 906 |
_a7 _bcbc _ccopycat _d2 _encip _f20 _gy-genrareb |
||
| 942 |
_2lcc _cBK-FIC |
||
| 999 |
_c11217 _d11217 |
||